| 000 | 00495nam a22001817a 4500 | ||
|---|---|---|---|
| 005 | 20221213162045.0 | ||
| 008 | 221213b ||||| |||| 00| 0 eng d | ||
| 040 | _cAL | ||
| 041 | _aEnglish | ||
| 082 |
_223 _a275.4025 _bVALI |
||
| 100 |
_aJohn Vallamattam _965787 |
||
| 245 | _aIndian Christian Handbook 1998 | ||
| 260 |
_aNew Delhi _bPublic Relations _c1998 |
||
| 300 |
_a144 p. _bPB _c21.5x14 cm. |
||
| 650 |
_aChristianty _965788 |
||
| 700 |
_aVALLAMATTAM (John) _965789 |
||
| 942 |
_2ddc _cGF |
||
| 999 |
_c225671 _d225671 |
||